Statistics for Steve Carrell Films

Click here to take the quiz!

General Stats

  • This quiz has been taken 405 times
  • The average score is 7 of 20

Answer Stats

HintAnswer% Correct
2005The 40 Year Old Virgin
80%
2004Anchorman
79%
2007Evan Almighty
70%
2003Bruce Almighty
56%
2010Despicable Me
54%
2010Date Night
50%
2008Get Smart
46%
2011Crazy Stupid Love
43%
2006Little Miss Sunshine
38%
2007Dan in Real Life
36%
2010Dinner for Schmucks
33%
2008Horton Hears a Who!
25%
2006Over the Hedge
25%
2013The Incredible Burt Wonderstone
22%
2012Seeking a Friend for the End of the World
22%
2012Hope Springs
12%
1991Curly Sue
10%
2005Bewitched
8%
2004Melinda and Melinda
5%
2004Sleepover
5%

Score Distribution

Percentile by Number Answered

Percent of People with Each Score

Your Score History

You have not taken this quiz